Μελέτη περίπτωσης ΟΑΕΔ : διερεύνηση των αναγκών για συμβουλευτική μέσω διαδικτύου : διπλωματική εργασία [μεταπτυχιακή εργασία]

Αποθηκεύτηκε σε:
Λεπτομέρειες βιβλιογραφικής εγγραφής
Κύριος συγγραφέας: Μπαρτσώκα, Μαρία
Συγγραφή απο Οργανισμό/Αρχή: Πανεπιστήμιο Αιγαίου Σχολή Ανθρωπιστικών Επιστημών Τμήμα Επιστημών της Προσχολικής Αγωγής και του Εκπαιδευτικού Σχεδιασμού Πρόγραμμα Μεταπτυχιακών Σπουδών Φύλο και Νέα Εκπαιδευτικά και Εργασιακά Περιβάλλοντα στην Κοινωνία της Πληροφορίας
Άλλοι συγγραφείς: Βιτσιλάκη, Χρυσή (Εισηγητής διατριβής)
Μορφή: Thesis Βιβλίο
Γλώσσα:Greek
Δημοσίευση: 2012
Θέματα:
Διαθέσιμο Online:http://hdl.handle.net/11610/13920
Ετικέτες: Προσθήκη ετικέτας
Δεν υπάρχουν, Καταχωρήστε ετικέτα πρώτοι!

MARC

LEADER 00000cam a2200000 i 4500
001 1/26888
008 130304s2012 gre d
035 |l 10113914 
040 |a GR-MY-UA  |b gre  |e aacr 
041 0 |a gre 
082 0 |a 331.12  |2 (22) 
100 1 |a Μπαρτσώκα, Μαρία. 
245 1 0 |a Μελέτη περίπτωσης ΟΑΕΔ :  |b διερεύνηση των αναγκών για συμβουλευτική μέσω διαδικτύου : διπλωματική εργασία [μεταπτυχιακή εργασία] /  |c Μαρία Μπαρτσώκα ; επιβλέπουσα: Χρυσή Βιτσιλάκη 
260 |c 2012 
300 |a 156 σ.;  |b πιν.;  |c 30 εκ. 
500 |a Μέλη εξεταστικής επιτροπής: Πέρσα Φώκιαλη, Ιψάννης Τσαούσης 
502 |a Διατριβή (μεταπτυχιακή) – Πανεπιστήμιο Αιγαίου, Ρόδος, 2012. 
504 |a Βιβλιογραφία: σ. 136-140 
650 0 0 |a Labor market  |z Greece. 
650 0 0 |a Labor policy  |z Greece. 
650 0 0 |a Employment forecasting. 
650 0 0 |a Unemployment. 
650 0 0 |a Labor policy. 
650 0 0 |a Dissertations, Academic  |z Greece. 
700 1 |a Βιτσιλάκη, Χρυσή.  |4 ths 
710 1 |a Πανεπιστήμιο Αιγαίου   |b Σχολή Ανθρωπιστικών Επιστημών   |b Τμήμα Επιστημών της Προσχολικής Αγωγής και του Εκπαιδευτικού Σχεδιασμού   |b Πρόγραμμα Μεταπτυχιακών Σπουδών Φύλο και Νέα Εκπαιδευτικά και Εργασιακά Περιβάλλοντα στην Κοινωνία της Πληροφορίας. 
852 |a INST  |b RHODES  |c DIATR  |e 20130304  |h 331.12 ΜΠΑ  |p 005400034977  |q 005400034977  |t MTXE  |y 23 
852 |a INST  |b RHODES  |c DIATR  |e 20130304  |h 331.12 ΜΠΑ  |p 005400034978  |q 005400034978  |t MTXE  |y 23 
856 |u http://hdl.handle.net/11610/13920 
901 |a BIBL4-2013-1 
909 |a Ρ  |b 176511 
909 |a Ρ  |b 176512 
924 |a ΜΠΑΡΤΣΩΚΑ  |b ΜΑΡΙΑ  |y ΡΟΔΟΣ  |z 2012 
970 |z 2013/03/04